000 00932nam a2200253Ia 4500
003 OSt
005 20221005112334.0
006 a|||||r|||| 00| 0
007 ta
008 221004b |||||||| |||| 00| 0 hin d
020 _a9788123769943 (pbk)
_c130
024 _a26777
037 _b979, 16/12/2015, H.K. Prakashan
_cTextual
040 _aCRL
_cCRL
_bhin
041 _2hin
_ahin
082 _aO152,3N33,KA, 153Q3
100 _aਜੋੀ, ਮਨੋਹਰ fਆਮl ਸਿੰਘ, ਬਲਦੇਵ, ੳਗ।
_9624318
245 0 _aਕਪੀਜੀ
260 _aਇੰਡੀਆ
_bਨੈਨਲ ਬੁਕ ਟਰੱਸਟ ਭਾਰਤ
_c2013
300 _a167ਪੰ
_ccm.
650 _aਹਿੰਦੀ ਸਾਹਿਤ
942 _hO152,3N33,KA, 153Q3
_cTEXL
_2cc
999 _c1024602
_d1024602